England Womens Euro 2022 football clubs - Statistics

General Stats
  • This quiz has been taken 1,002 times
  • The average score is 20 of 23
Answer Stats
Player Club % Correct
7 Beth Mead Arsenal
98%
8 Leah Williamson Arsenal
98%
2 Lucy Bronze Barcelona
98%
1 Mary Earps Manchester United
98%
6 Millie Bright Chelsea
97%
4 Keira Walsh Barcelona
95%
5 Alex Greenwood Manchester City
94%
3 Rachel Daly Aston Villa
92%
11 Lauren Hemp Manchester City
92%
20 Ella Toone Manchester United
92%
18 Chloe Kelly Manchester City
91%
10 Georgia Stanway Bayern Munich
90%
23 Alessia Russo Manchester United
90%
14 Fran Kirby Chelsea
88%
12 Jessica Carter Chelsea
87%
22 Lotte Wubben-Moy Arsenal
86%
21 Ellie Roebuck Manchester CIty
80%
17 Nikita Parris Manchester United
80%
19 Beth England Chelsea
75%
13 Hannah Hampton Aston Villa
69%
15 Demi Stokes Manchester City
68%
9 Ellen White Retired
54%
16 Jill Scott Retired
53%
No matching quizzes found
Score Distribution
Percent of People with Each Score
Percentile by Number Answered
Your Score History
You have not taken this quiz